States in the Iberian Peninsula (Former and Contemporary) - Statistics

General Stats
  • This quiz has been taken 123 times
    101 since last reset
  • The average score is 57 of 134
Answer Stats
Years Country % Correct
1109-1139 County of Portugal
97%
1139-1910 Kingdom of Portugal
97%
1919 Kingdom of Traulitânia
97%
1910-present Portuguese Republic
97%
1516-1873, 1874-1931, 1975-present Kingdom of Spain
95%
1931-1939 Second Spanish Republic
95%
1873-1874 First Spanish Republic
93%
1936-1975 Francoist Spain
93%
1278-present Principality of Andorra
92%
27 BC - 395 Roman Empire
89%
218 BC - 27 BC Roman Republic
89%
395-476 Western Roman Empire
89%
1804-1814, 1815 First French Empire
88%
1944-1946 Free France
88%
1958-present French Fifth Republic
88%
1792-1804 French First Republic
88%
1946-1958 French Fourth Republic
88%
1848-1852 French Second Republic
88%
1870-1940 French Third Republic
88%
987-1791, 1814-1815, 1815-1848 Kingdom of France
88%
1852-1870 Second French Empire
88%
1940-1944 Vichy France
88%
843-987 West Francia
88%
1162-1516 Crown of Aragón
86%
1035-1162 Kingdom of Aragón
86%
1641 Catalan Republic
82%
2017 Republic of Catalonia
82%
1704-1707 Kingdom of England
80%
1937 Sovereign Council of Asturias and León
80%
1707-1800 Kingdom of Great Britain
79%
1801-present United Kingdom
79%
910-914, 926-929, 982-985, 1065-1072, 1111-1126 Kingdom of Galicia
78%
1931 Republic of Galicia
78%
1808-1809 Supreme Council of the Kingdom of Galicia
78%
1230-1492 Kingdom of Granada
76%
1013-1090, 1145 Taifa of Granada
76%
910-1230 Kingdom of León
75%
1516-1620 Kingdom of Lower Navarre
74%
1162-1516 Kingdom of Navarre
74%
824-1162 Kingdom of Pamplona
74%
1230-1516 Crown of Castile
71%
1065-1072, 1157-1230 Kingdom of Castile
71%
929-1031 Caliphate of Córdoba
67%
756-929 Emirate of Córdoba
66%
587-720 Visigothic Kingdom of Toledo
66%
1031-1091, 1144-1148 Taifa of Córdoba
63%
718-910 Kingdom of Asturias
62%
877-1162 County of Barcelona
61%
1094-1102 Principality of Valencia
61%
1010-1065, 1075-1094, 1145-1147, 1228-1238 Taifa of Valencia
61%
531-587 Visigothic Kingdom of Hispania
57%
575 BC - 480 BC Kingdom of Carthage
54%
480 BC - 146 BC Republic of Carthage
54%
476-526 Visigothic Kingdom of Toulouse
54%
1023-1091 Taifa of Seville
53%
526-531 Visigothic Kingdom of Narbonne
53%
1011-1014, 1065-1078, 1145, 1147-1772, 1228-1266 Taifa of Murcia
50%
1010-1085 Taifa of Toledo
50%
770 BC - 575 BC Malaka
47%
711-750 Umayyad Caliphate
45%
843-929 Banu Qasi Dynasty
43%
1026-1058, 1145-1153, 1229-1238 Taifa of Málaga
43%
1018-1110 Taifa of Zaragoza
43%
800 BC - 575 BC Sexi
42%
575 BC - 218 BC Emporion
41%
1104 BC - 535 BC Gadir
37%
654 BC - 5th century BC Iboshim
37%
552-620 Byzantine Empire
34%
1022-1034 Taifa of Lisbon
34%
711-739 Duchy of Cantabria
33%
1276-1349 Kingdom of Majorca
33%
1076-1116, 1147-1203 Taifa of Majorca
33%
1146-1229 Almohad Caliphate
30%
1091-1147 Almoravid Emirate
30%
8th century BC - 575 BC Ossonoba
30%
1009-1094, 1142-1150 Taifa of Badajoz
30%
1011-1091, 1145-1147 Taifa of Almería
29%
785-800 Kingdom of Francia
26%
1012-1052 Taifa of Huelva
25%
429-534 Vandal Kingdom
25%
1145 Taifa of Jaén
24%
1228-1287 Taifa of Menorca
24%
1873-1874 Canton of Cartagena
21%
1145 Taifa of Jerez
18%
992-1231 County of Urgell
17%
409-585 Suebi Kingdom of Gallaecia
17%
10th century-1868 Couto Mixto
16%
1035-1058 Taifa of Algeciras
13%
1140-1150 Taifa of Beja and Évora
13%
1031-1102 Taifa of Lleida
13%
660-768, 1053-1204 Duchy of Aquitaine
11%
769-1053 Duchy of Gascony
11%
872-1025 County of Ribagorza
9%
843-1229 County of Toulouse
9%
1040-1379 Lordship of Biscay
9%
1065-1101 Lordship of Zamora
9%
1010-1076, 1224-1227, 1228-1244 Taifa of Denia
9%
1051-1091, 1240-1265 Taifa of Lorca
9%
872-1011 County of Pallars
8%
1011-1192 County of Pallars Jussà
8%
1011-1170 County of Pallars Sobirà
8%
1013-1067 Taifa of Carmona
8%
1145-1150, 1234-1262 Taifa of Niebla
8%
1039-1060, 1081-1090 Taifa of Tortosa
8%
879-1117 County of Cerdanya
7%
878-1402 County of Empúries
7%
939-943, 1035-1054, 1107-1149 County of Osona
7%
1200 BC - 500 BC Tartessos
7%
1347-1620 Principality of Béarn
5%
1147 Taifa of Santarem
5%
1040-1063 Taifa of Silves
5%
988-1117 County of Berga
4%
878-1111 County of Besalú
4%
923-925 Kingdom of Nájera
4%
1011-1068, 1143-1145 Taifa of Arcos
4%
1046-1055 Taifa of Calatayud
4%
1145-1151 Taifa of Guadix
4%
1239-1250 Taifa of Orihuela
4%
1086-1092 Taifa of Sagunto
4%
800-843 Carolingian Empire
3%
1010-1562 County of Foix
3%
970-1005 Kingdom of Viguera
3%
1065-1071, 1072-1099 Lordship of Toro
3%
1009-1106 Taifa of Alpuente
3%
1224-1226 Taifa of Baeza
3%
1033-1044, 1144-1145, 1146-1151 Taifa of Mértola
3%
1013-1066 Taifa of Morón
3%
1145-1150 Taifa of Tejada
3%
1934 Federal Republic of Arousa
1%
1232-1244 Taifa of Arjona
1%
1065-1075 Taifa of Segorbe
1%
1147 Taifa of Segura
1%
1046-1051 Taifa of Tudela
1%
1075 Taifa of Molina
0%
No matching quizzes found
Score Distribution
Percent of People with Each Score
Percentile by Number Answered
Your Score History
You have not taken this quiz since the last reset